MCU Cast-Sudden Death - Statistics

General Stats
  • This quiz has been taken 100 times
    83 since last reset
  • The average score is 13 of 20
Answers on the Grid
Answers color-coded by a green-red scale on the quiz's grid according to % correct below.
Saoirse Ronan
Jason Segel
Paul Rudd
Benedict Cumberbatch
Kieran Culkin
Henry Cavill
Elizabeth Olsen
Gal Gadot
Meryl Streep
Jenna Ortega
Keke Palmer
Robert Downey Jr
Letitia Wright
Nicole Kidman
Chris Pratt
Chris Pine
Chris Evans
Tom Hiddleston
Timothee Chalamet
Florence Pugh
Jeremy Renner
Zoe Saldana
Margot Robbie
Greta Lee
Michael B Jordan
Matt Leblanc
Paul Mescal
Scarlett Johansson
Chris Hemsworth
Aubrey Plaza
Michael Cera
Michelle Pfeiffer
Idris Elba
Anne Hathaway
Robert Pattinson
Cobie Smulders
Anna Kendrick
Cillian Murphy
Stephen Graham
Samuel L Jackson
 
Answer Stats
Answer % Correct
Paul Rudd
95%
Benedict Cumberbatch
93%
Elizabeth Olsen
84%
Robert Downey Jr
84%
Chris Pratt
82%
Chris Evans
77%
Tom Hiddleston
77%
Jeremy Renner
75%
Chris Hemsworth
74%
Scarlett Johansson
74%
Michael B Jordan
72%
Zoe Saldana
70%
Florence Pugh
69%
Samuel L Jackson
69%
Letitia Wright
61%
Idris Elba
56%
Cobie Smulders
51%
Michelle Pfeiffer
41%
Aubrey Plaza
18%
Jenna Ortega
15%
No matching quizzes found
Score Distribution
Percent of People with Each Score
Percentile by Number Answered
Your Score History
You have not taken this quiz since the last reset